| 000 | 00764cam a2200253 a 4500 | ||
|---|---|---|---|
| 005 | 20131115040124.0 | ||
| 008 | 031107s2003 mnu 001 0 eng | ||
| 020 | _a0314144099 | ||
| 041 | 0 | _aeng | |
| 080 | _a341 | ||
| 100 | 1 |
_aGuruswamy, Lakshman D., _d1939- |
|
| 245 | 1 | 0 |
_aInternational environmental law in a nutshell / _cby Lakshman D. Guruswamy. |
| 246 | 1 | 8 | _aInternational environmental law |
| 250 | _a2nd ed. | ||
| 260 |
_aSt. Paul, Minn. : _bThomson/West, _c2003. |
||
| 300 |
_axxxvii, 617 p. ; _c19 cm. |
||
| 490 | 1 | _aWest nutshell series | |
| 500 | _aPreface : f. III-VI | ||
| 500 | _aIncludes index. | ||
| 650 | 0 | _aLigji i mjedisit, ndërkombëtar. | |
| 700 | 1 |
_aHendricks, Brent R., _d1958- |
|
| 830 | 0 | _aNutshell series. | |
| 942 |
_2udc _cBK |
||
| 999 |
_c326 _d326 |
||